« Retourner aux résultats de recherche
Comment neutraliser les profils complexes
menteurs, pervers, suicidaires, harceleurs...
| Auteur principal: | Marwan Méry |
|---|---|
| D'autres auteurs: | Laurent Combalbert |
| Support: | Livres |
| Langue: | Francais |
| Publié: |
2015 Eyrolles Paris |
| Genre: |
Documentaire |
| Sujets: | |
| Étiquettes: |
Ajouter
Pas de Tags !
|
| LEADER | 01030nam0a2200205 450 | ||
|---|---|---|---|
| 001 | 16847791 | ||
| 010 | |a 978-2-212-56334-4 |b br. |d 18 | ||
| 100 | |a 20151013d2015 u u0frey01 ba | ||
| 101 | 0 | |a fre | |
| 102 | |a FR | ||
| 200 | 0 | |a Comment neutraliser les profils complexes |e menteurs, pervers, suicidaires, harceleurs... |f Marwan Méry, Laurent Combalbert | |
| 207 | 1 | |a | |
| 210 | |a Paris |b 61 boulevard Saint Germain. |c Eyrolles |d 2015 | ||
| 215 | |a 1 vol. (175 p.) |d 21 x 14 cm | ||
| 330 | |a Méthode pour gérer les personnalités toxiques au quotidien. Les auteurs prodiguent des conseils sur le choix des mots, l'attitude et la posture à adopter, la proxémie, et proposent des outils de fond pour leur faire face (stratégies d'influence, neutralisation des manoeuvres manipulatoires, etc.). | ||
| 700 | 0 | |a Méry |b Marwan |4 70 | |
| 701 | 0 | |a Combalbert |b Laurent |4 70 | |
| 900 | |a Documentaire | ||
| 901 | |a Accessible au prêt | ||
| 995 | |a Bibliothèque |c Bibliothèque |f 00156010028710 |h 00156010028710 |k 158.2 MER |o p |q a |r az |e Bibliothèque | ||
